Peter Zumthor - Atmospheres (Record no. 4381)
[ view plain ]
| 000 -LEADER | |
|---|---|
| fixed length control field | 00260nam a2200109Ia 4500 |
| 008 - FIXED-LENGTH DATA ELEMENTS--GENERAL INFORMATION | |
| fixed length control field | 200302s9999 xx 000 0 und d |
| 100 ## - MAIN ENTRY--PERSONAL NAME | |
| Personal name | Peter Zumthor |
| 245 ## - TITLE STATEMENT | |
| Title | Peter Zumthor - Atmospheres |
| 260 ## - PUBLICATION, DISTRIBUTION, ETC. | |
| Name of publisher, distributor, etc. | Birkhauser Publishing |
| 260 ## - PUBLICATION, DISTRIBUTION, ETC. | |
| Date of publication, distribution, etc. | 2015 |
| 300 ## - PHYSICAL DESCRIPTION | |
| Extent | 75 P |
| Withdrawn status | Lost status | Damaged status | Not for loan | Permanent Location | Current Location | Date acquired | Cost, normal purchase price | Total Checkouts | Full call number | Barcode | Date due | Date last seen | Date last checked out | Price effective from | Koha item type | Source of classification or shelving scheme |
|---|---|---|---|---|---|---|---|---|---|---|---|---|---|---|---|---|
| BMS College of Architecture, Design and Planning | BMS College of Architecture, Design and Planning | 2020-03-03 | 2768.00 | 3 | 720.301.31 | CL-UG69372 | 2026-03-31 | 2026-03-16 | 2026-03-16 | 2020-03-03 | UG Books from CL | |||||
| BMS College of Architecture, Design and Planning | BMS College of Architecture, Design and Planning | 2020-12-09 | 4 | 720.301.31 | AR-UG1960 | 2025-10-24 | 2025-09-04 | 2020-12-09 | UG Books | |||||||
| BMS College of Architecture, Design and Planning | BMS College of Architecture, Design and Planning | 2020-12-09 | 1 | 720.301.31 | AR-UG1961 | 2026-02-05 | 2026-01-30 | 2020-12-09 | UG Books |